MARC details
| 000 -LEADER |
| fixed length control field |
01182nab a2200301uu 4500 |
| 001 - CONTROL NUMBER |
| control field |
02711 |
| 003 - CONTROL NUMBER IDENTIFIER |
| control field |
HDC |
| 007 - PHYSICAL DESCRIPTION FIXED FIELD--GENERAL INFORMATION |
| fixed length control field |
cr ca aaaau |
| 008 - FIXED-LENGTH DATA ELEMENTS--GENERAL INFORMATION |
| fixed length control field |
201217b201302 my ||||| |||| 00| 0 eng d |
| 022 ## - INTERNATIONAL STANDARD SERIAL NUMBER |
| International Standard Serial Number |
0127-9696 |
| 040 ## - CATALOGING SOURCE |
| Original cataloging agency |
HDC |
| 100 ## - MAIN ENTRY--PERSONAL NAME |
| Personal name |
Hayati Habibah Abdul Talib |
| Relator term |
author |
| 9 (RLIN) |
457 |
| 245 #0 - TITLE STATEMENT |
| Title |
Hubungan Amalan Pengurusan Kualiti ke atas Prestasi Organisasi PKS Industri Pemprosesan Makanan di Malaysia / |
| Statement of responsibility, etc. |
Hayati Habibah Abdul Talib, Khairul Anuar Mohd Ali, Fazli Idris |
| 260 ## - PUBLICATION, DISTRIBUTION, ETC. |
| Place of publication, distribution, etc. |
Skudai, Johor : |
| Name of publisher, distributor, etc. |
Penerbit Universiti Teknologi Malaysia Press, |
| Date of publication, distribution, etc. |
2013 |
| 300 ## - PHYSICAL DESCRIPTION |
| Extent |
1 online resource (10 pages) : |
| Other physical details |
illustrations |
| 336 ## - CONTENT TYPE |
| Content type term |
text |
| Source |
rdacontent |
| 337 ## - MEDIA TYPE |
| Media type term |
computer |
| Source |
rdamedia |
| 338 ## - CARRIER TYPE |
| Carrier type term |
online resource |
| Source |
rdacarrier |
| 650 ## - SUBJECT ADDED ENTRY--TOPICAL TERM |
| Topical term or geographic name entry element |
critical success factor |
| 9 (RLIN) |
459 |
| 650 ## - SUBJECT ADDED ENTRY--TOPICAL TERM |
| Topical term or geographic name entry element |
organizational performance |
| 9 (RLIN) |
460 |
| 650 ## - SUBJECT ADDED ENTRY--TOPICAL TERM |
| Topical term or geographic name entry element |
Quality management |
| 9 (RLIN) |
458 |
| 700 ## - ADDED ENTRY--PERSONAL NAME |
| Personal name |
Fazli Idris |
| Relator term |
author |
| 9 (RLIN) |
462 |
| 700 ## - ADDED ENTRY--PERSONAL NAME |
| Personal name |
Khairul Anuar Mohd Ali |
| Relator term |
author |
| 9 (RLIN) |
461 |
| 856 ## - ELECTRONIC LOCATION AND ACCESS |
| Public note |
Request full-text at [email protected] |
| 942 ## - ADDED ENTRY ELEMENTS (KOHA) |
| Source of classification or shelving scheme |
Library of Congress Classification |
| 942 ## - ADDED ENTRY ELEMENTS (KOHA) |
| Koha item type |
Articles |
| 942 ## - ADDED ENTRY ELEMENTS (KOHA) |
| Call number prefix |
JART 001009 |